| 000 | 01490nam a22003497a 4500 | ||
|---|---|---|---|
| 999 |
_c318 _d318 |
||
| 003 | AR-CdUCM | ||
| 008 | 190222b ||||| |||| 00| 0 spa d | ||
| 020 | _a9786124713248 | ||
| 040 |
_aMUNICIPALIDAD PROVINCIAL DEL CUSCO _cBIBLIOTECA MUNICIPAL DEL CUSCO |
||
| 082 |
_a985.04 / _bD69 |
||
| 110 |
_aColectivo por el Bicentenario de la revolución del Cusco _91294 |
||
| 245 |
_aEl Cusco insurrecto : _bLa revolución de 1814 doscientos años después / |
||
| 260 |
_aCusco : _bDirección desconcentrada de cultura, _c2016. |
||
| 300 |
_a314 páginas ; _c21 cm. _eIlustraciones. |
||
| 505 | _aLos motivos de la revolución(contexto e ideología) -- Los muchos rostros de la revolución del Cusco -- La revolución en su vicentenario (entre olvidos y recuerdos). | ||
| 650 |
_aRevolución. _9844 |
||
| 650 |
_aIndependencia. _9625 |
||
| 650 |
_aCusco. _9772 |
||
| 700 |
_aGlave Testino, Luis Miguel _91295 |
||
| 700 |
_aHerrera Villagra, Alejandro _91296 |
||
| 700 |
_aMorán Ramos, Luis Daniel _91297 |
||
| 700 |
_aOjeda Escalante, Roberto _91298 |
||
| 700 |
_aChavez Farfan, Edwin _91299 |
||
| 700 |
_aNajarro Espinoza, Margareth _91300 |
||
| 700 |
_aValderrama Escalante, Gonzalo _91301 |
||
| 700 |
_aCastillo Castillo, Julio Pastor _91302 |
||
| 700 |
_aCarvajal Aguirre, Fernando Zora _91303 |
||
| 700 |
_aAparicio Vega Manuel Jesús _91304 |
||
| 856 |
_uhttp://bvirtual.culturacusco.gob.pe/items/show/45 _zLeer en digital |
||
| 942 |
_2ddc _cLIBROS |
||
| 945 |
_amvr _d2019-02-22 |
||